000 00513nam a22001697a 4500
003 NUST
038 _aMr.Zahoor
082 _a610.28
100 _aInam, Hafsa
_916055
245 _aMAGNETICALLY TARGETED DRUG DELIVERY SYSTEM BY IMAGINE TEACHNOLOGY /
_cHafsa Inam
300 _axii, 40 p. ; ill. :
_c30cm.
500 _aHardcover.
650 _aBiomedical Science - MS Thesis.
_916111
700 _aDr. Umar Ansari.
_916112
856 _uhttp://10.250.8.41:8080/xmlui/handle/123456789/6652
942 _2ddc
_cTHE
999 _c524980
_d524980